[Event "Balatonbereny"]
[Site "Balatonbereny"]
[Date "1995.??.??"]
[Round "2"]
[White "Bezold, Michael"]
[Black "Nikolaidis, Ioannis"]
[Result "0-1"]
[WhiteElo "2490"]
[BlackElo "2540"]
[PlyCount "122"]
[EventDate "1995.08.??"]
[Source "ChessBase"]

1. b3 e5 2. Bb2 Nc6 3. e3 d5 4. Bb5 Bd6 5. Nf3 Bg4 6. h3 Bxf3 7. Qxf3 Nge7 8. c4 O-O 9. cxd5 Nb4 10. Na3 a6 11. Be2 b5 12. O-O f5 13. Rfc1 Qe8 14. Bf1 e4 15. Qd1 Nbxd5 16. d3 Qf7 17. dxe4 fxe4 18. Rc2 Nf5 19. Rd2 Nfxe3 20. fxe3 Nxe3 21. Qe2 Nxf1 22. Rxf1 Bc5+ 23. Rd4 Qxf1+ 24. Qxf1 Bxd4+ 25. Bxd4 Rxf1+ 26. Kxf1 Rd8 27. Nc2 c5 28. Be3 Kf7 29. Ke2 Rc8 30. Kd2 Ke6 31. a3 c4 32. Nd4+ Kd5 33. b4 Rf8 34. Ne2 Rf1 35. Bd4 g6 36. Ke3 Kc6 37. Bc3 Kb7 38. Ng3 Rg1 39. Kf2 Rc1 40. Nxe4 Rc2+ 41. Kf3 Ra2 42. g4 Rxa3 43. Kf4 Kc6 44. h4 Rb3 45. h5 a5 46. bxa5 gxh5 47. gxh5 b4 48. Bg7 Ra3 49. h6 c3 50. Nxc3 bxc3 51. Ke3 c2+ 52. Kd2 Ra2 53. Kc1 Kb5 54. Bb2 Kxa5 55. Kxc2 Kb4 56. Kc1 Kc4 57. Bf6 Kd3 58. Bg7 Rh2 59. Kb1 Rc2 60. Bf6 Kd2 61. Bg5+ Kc3 0-1

[Event "5th United Insurance, Dhaka BAN"]
[Site "?"]
[Date "2001.??.??"]
[Round "2"]
[White "Miezis, N."]
[Black "Barsov, A."]
[Result "1/2-1/2"]
[WhiteElo "2530"]
[BlackElo "2500"]
[PlyCount "26"]
[EventDate "2001.??.??"]
[Source "www.chesslib.no"]
[SourceDate "2004.05.04"]

1. b3 e5 2. Bb2 Nc6 3. e3 Nf6 4. Nf3 e4 5. Nd4 Ne5 6. f4 exf3 7. Nxf3 Nxf3+ 8. Qxf3 Be7 9. c4 d5 10. cxd5 Bg4 11. Qf4 Qxd5 12. Nc3 Qd7 13. Be2 O-O-O 1/2-1/2

[Event "XV op"]
[Site "Ljubjana"]
[Date "2004.07.12"]
[Round "4"]
[White "Kovacevic, Blazimir"]
[Black "Kovacevic, Aleksandar"]
[Result "1/2-1/2"]
[WhiteElo "2478"]
[BlackElo "2551"]
[PlyCount "80"]
[EventDate "2004.07.10"]
[Source "Roberto Alvarez"]
[SourceDate "2003.08.04"]

1. b3 e5 2. Bb2 Nc6 3. e3 a6 4. Nf3 d6 5. d4 e4 6. d5 Nb4 7. Nfd2 Nxd5 8. Nxe4 Nb6 9. c4 Be6 10. Nbc3 d5 11. cxd5 Nxd5 12. Be2 Bb4 13. Qd4 Ngf6 14. O-O-O Nxc3 15. Qxd8+ Rxd8 16. Rxd8+ Kxd8 17. Nxc3 Ke7 18. Bf3 c6 19. Ne4 Nxe4 20. Bxe4 f6 21. Kc2 h6 22. Bc3 Bxc3 23. Kxc3 Rd8 24. Bc2 Rd5 25. f4 a5 26. Rd1 Rh5 27. h3 Rc5+ 28. Kb2 g5 29. Rd4 h5 30. Bd1 h4 31. Bf3 Rb5 32. Kc3 Rc5+ 33. Kb2 Rb5 34. Kc3 c5 35. Rd2 gxf4 36. exf4 Rb4 37. Re2 Kd6 38. Rd2+ Ke7 39. Re2 Kd6 40. Rd2+ Ke7 1/2-1/2

[Event "Zlatibor"]
[Site "?"]
[Date "2006.08.31"]
[Round "6"]
[White "Drazic Sinisa"]
[Black "Strikovic Aleksa"]
[Result "0-1"]
[WhiteElo "2514"]
[BlackElo "2510"]
[PlyCount "142"]
[EventDate "2006.??.??"]
[Source "www.chesslib.no"]
[SourceDate "2004.05.04"]

1. b3 e5 2. Bb2 d6 3. g3 g6 4. Bg2 Bg7 5. c4 f5 6. d3 Nf6 7. e3 O-O 8. Ne2 c6 9. O-O Be6 10. Qd2 Nbd7 11. Nbc3 Bf7 12. f4 exf4 13. Nxf4 Re8 14. Rae1 Nc5 15. b4 Ne6 16. Nce2 Nc7 17. a4 d5 18. c5 Qe7 19. Bd4 Ng4 20. Qc3 Qxe3+ 21. Bxe3 Bxc3 22. Nxc3 Nxe3 23. Rf2 g5 24. Nfe2 Nxg2 25. Kxg2 d4 26. Nb1 Nd5 27. Na3 Nxb4 28. Rd1 Rad8 29. Rd2 Re5 30. Nc2 Nxc2 31. Rxc2 a5 32. Kf1 Kg7 33. Ke1 Rd7 34. Kd2 Bb3 35. Rc1 Kg6 36. h4 h6 37. hxg5 hxg5 38. Rh2 Ree7 39. Rch1 Bg8 40. Rh6+ Kg7 41. Rd6 Rxd6 42. cxd6 Rd7 43. Nxd4 Kg6 44. Rf1 Rxd6 45. Nxf5 Rd7 46. Kc3 Rf7 47. g4 Rd7 48. Rb1 Kf6 49. Rf1 Kg6 50. Re1 Bd5 51. Ne7+ Kf6 52. Nxd5+ Rxd5 53. Kc4 Re5 54. Rh1 b5+ 55. Kd4 Rd5+ 56. Ke4 Rc5 57. d4 Rc4 58. axb5 cxb5 59. Rh6+ Ke7 60. Rb6 Rb4 61. Ke5 a4 62. d5 a3 63. d6+ Kd7 64. Rb7+ Kd8 65. Rb8+ Kd7 66. Rb7+ Kc8 67. d7+ Kd8 68. Kd6 Rd4+ 69. Ke6 a2 70. Ra7 Ra4 71. Rb7 Ra6+ 0-1

[Event "XI Festival"]
[Site "Voronezh RUS"]
[Date "2007.06.13"]
[Round "2"]
[White "Feoktistov, A."]
[Black "Gleizerov, E."]
[Result "1/2-1/2"]
[WhiteElo "2449"]
[BlackElo "2570"]
[PlyCount "74"]
[EventDate "2007.06.12"]
[Source "www.chesslib.no"]
[SourceDate "2004.05.04"]

1. b3 e5 2. Bb2 Nc6 3. c4 g6 4. g3 Bg7 5. Bg2 d6 6. Nf3 Nf6 7. d4 e4 8. Nfd2 Qe7 9. Nf1 h5 10. h3 h4 11. g4 Nh7 12. Ne3 f5 13. Nd5 Qf7 14. Qd2 O-O 15. f3 fxg4 16. hxg4 Bxg4 17. f4 e3 18. Qd3 Rae8 19. Be4 Bh5 20. Rxh4 Nf6 21. Nbc3 Nxe4 22. Nxe4 Qf5 23. Ng3 Qxd3 24. exd3 Nxd4 25. Bxd4 Bxd4 26. Rc1 c6 27. Nxh5 gxh5 28. Nc3 Bxc3+ 29. Rxc3 Rf5 30. Ke2 Kf7 31. Rc1 d5 32. cxd5 Rxd5 33. Rh3 Kf6 34. Rc4 Rf5 35. a4 a5 36. Rxe3 Rxe3+ 37. Kxe3 h4 1/2-1/2

[Event "Cesenatico op 4th"]
[Site "?"]
[Date "1999.??.??"]
[Round "8"]
[White "Rotstein Arkadij"]
[Black "Grigore George"]
[Result "0-1"]
[WhiteElo "2493"]
[BlackElo "2526"]
[PlyCount "93"]
[EventDate "1999.??.??"]
[Source "www.chesslib.no"]
[SourceDate "2004.05.04"]

1. b3 e5 2. Bb2 Nc6 3. c4 g6 4. Nf3 Bg7 5. e3 f5 6. d4 e4 7. Nfd2 Nce7 8. Nc3 Nf6 9. Be2 d5 10. Ba3 c6 11. Rc1 O-O 12. cxd5 cxd5 13. g3 Rf7 14. Nb5 Ne8 15. Bxe7 Rxe7 16. b4 Be6 17. Nb3 a6 18. Nc3 b6 19. O-O Rc7 20. Na4 Nd6 21. Nd2 Nb5 22. Qb3 Rac8 23. Qb2 Bd7 24. Nb3 Nd6 25. Nc3 Nc4 26. Qa1 Be6 27. a3 Bf8 28. Rfd1 Qe8 29. Nd2 Bd6 30. Nxc4 dxc4 31. f3 exf3 32. Bxf3 Qd8 33. e4 fxe4 34. Nxe4 Rf7 35. Rf1 Bf8 36. d5 Bh3 37. Bg2 Bxg2 38. Kxg2 Rxf1 39. Kxf1 Bg7 40. Qa2 Qxd5 41. Qe2 Rf8+ 42. Kg2 b5 43. h4 Re8 44. Re1 Bc3 45. Qf3 Qa8 46. Qxc3 Rxe4 47. Qf3 0-1

[Event "15. European Team Championship"]
[Site "?"]
[Date "2005.08.03"]
[Round "5.5"]
[White "Karlsson Lars"]
[Black "Gallagher Joseph G"]
[Result "1-0"]
[WhiteElo "2472"]
[BlackElo "2544"]
[PlyCount "101"]
[EventDate "2005.??.??"]
[Source "www.chesslib.no"]
[SourceDate "2004.05.04"]

1. b3 e5 2. Bb2 Nc6 3. c4 g6 4. e3 Bg7 5. Nc3 d6 6. Be2 f5 7. d4 exd4 8. Nb5 Nf6 9. Nxd4 Ne5 10. Ngf3 Ne4 11. Nxe5 Bxe5 12. Qc2 c5 13. Nf3 Qa5+ 14. Kf1 Bxb2 15. Qxb2 O-O 16. Bd3 Bd7 17. h4 Nf6 18. Ng5 b5 19. Rd1 Rae8 20. Be2 Qb6 21. Nh3 bxc4 22. Bxc4+ Be6 23. Bxe6+ Rxe6 24. Nf4 Re5 25. Qc2 Qc6 26. Ke2 Re4 27. f3 Re5 28. Kf2 Rfe8 29. Rd3 d5 30. Rhd1 Qd6 31. g3 Qe7 32. Qd2 Kg7 33. Qc3 Kh6 34. Qc1 c4 35. Rc3 Rc8 36. Rd4 Re8 37. bxc4 dxc4 38. Rdxc4 Qd8 39. Rc7 R8e7 40. e4 Kg7 41. exf5 gxf5 42. Rxe7+ Rxe7 43. Rc5 Qb6 44. Kg2 Rb7 45. Kh3 h6 46. Rc6 Qb2 47. Nh5+ Nxh5 48. Qxh6+ Kg8 49. Qg6+ Kf8 50. Rc8+ Ke7 51. Re8+ 1-0

[Event "Copenhagen"]
[Site "?"]
[Date "2006.07.30"]
[Round "9"]
[White "Karlsson Lars"]
[Black "Hector Jonny"]
[Result "0-1"]
[WhiteElo "2506"]
[BlackElo "2508"]
[PlyCount "82"]
[EventDate "2006.??.??"]
[Source "www.chesslib.no"]
[SourceDate "2004.05.04"]

1. b3 e5 2. Bb2 Nc6 3. c4 Nf6 4. e3 d5 5. cxd5 Nxd5 6. a3 Bd6 7. Qc2 O-O 8. Nf3 Qe7 9. d3 f5 10. Be2 Nf6 11. Nbd2 e4 12. dxe4 fxe4 13. Nd4 Nxd4 14. Bxd4 c5 15. Bb2 Bf5 16. O-O Rae8 17. b4 cxb4 18. axb4 Rc8 19. Qd1 a6 20. Ra5 Bg6 21. Nc4 Bxb4 22. Re5 Qf7 23. Nb6 Rc6 24. Nd5 Bd6 25. Nxf6+ Qxf6 26. Qb3+ Bf7 27. Qxb7 Rc2 28. Rb5 Qh6 29. Rh5 Bxh5 30. Bxg7 Qxg7 31. Qb3+ Kh8 32. Qxc2 Qe5 33. g3 Bxe2 34. Qxe2 a5 35. Qc2 Ra8 36. Qc6 Rb8 37. Rd1 Bb4 38. Rd4 Re8 39. Qc2 Bf8 40. Rc4 Bg7 41. Qa4 Qa1+ 0-1

[Event "Hastings 9192"]
[Site "Hastings"]
[Date "1991.??.??"]
[Round "14"]
[White "Chandler, Murray G"]
[Black "Suetin, Alexey S"]
[Result "1-0"]
[WhiteElo "2605"]
[BlackElo "2405"]
[PlyCount "217"]
[EventDate "1991.12.??"]
[Source "ChessBase"]

1. b3 e5 2. Bb2 d6 3. c4 Nf6 4. Nc3 Nc6 5. g3 d5 6. cxd5 Nxd5 7. Bg2 Be6 8. Nf3 Be7 9. O-O Nxc3 10. Bxc3 Bf6 11. d3 O-O 12. Qd2 Re8 13. Rac1 Nd4 14. Ne1 c6 15. e3 Nb5 16. Bb2 a5 17. Qc2 Nc7 18. Be4 Nd5 19. a3 g6 20. Nf3 Bh3 21. Rfe1 Bg4 22. Nd2 Bg7 23. Bg2 Rc8 24. Nc4 b5 25. Nd2 Qe7 26. Ne4 Red8 27. Nc5 b4 28. Qc4 Be6 29. Nxe6 Qxe6 30. a4 Qd6 31. Red1 Nc3 32. Bxc3 bxc3 33. Rxc3 c5 34. Rcc1 Qb6 35. Bd5 Rc7 36. e4 h5 37. Rc2 Bf6 38. Qc3 Kg7 39. Qd2 Rb8 40. Kh1 Rd8 41. Qe3 h4 42. Rdc1 Rdc8 43. Qf3 Qd6 44. Qe3 Qe7 45. Rf1 Rh8 46. Qe1 Ra7 47. Qc3 Rc8 48. Kg1 Qd7 49. Qd2 Qg4 50. Qe2 Qd7 51. Kh1 Qd6 52. Qg4 Rh8 53. Kg2 Rc7 54. Rcc1 Rb8 55. Rce1 Qd7 56. Qxd7 Rxd7 57. Rc1 Rc7 58. Rc4 Rh8 59. Rfc1 Rhc8 60. Kh3 hxg3 61. hxg3 Be7 62. Kg4 Bd6 63. Rh1 Rh8 64. Rxh8 Kxh8 65. Rc1 Kg7 66. Kf3 Ra7 67. Ke2 Ra6 68. Kd2 Rb6 69. Kc3 Rb4 70. Bc4 g5 71. Kd2 Be7 72. Rh1 Rb6 73. Rh5 Rb8 74. Kc3 Rd8 75. Kd2 Kg6 76. Rh2 Bd6 77. Ke2 Be7 78. Kf3 Bf6 79. Rh1 Bg7 80. Bd5 Rb8 81. Kg4 Bf6 82. Bc4 Be7 83. f4 exf4 84. gxf4 gxf4 85. Kxf4 Bg5+ 86. Ke5 Be3 87. Rh3 Bd4+ 88. Kd6 Kg7 89. Kc7 Be5+ 90. Kc6 Bd4 91. Rf3 f6 92. Rg3+ Kh6 93. Rf3 Kg7 94. Rf5 Kf8 95. Rh5 Kg7 96. Kc7 Rb4 97. Rd5 Kg6 98. Rd8 Kg5 99. Ra8 Bc3 100. Kc6 Kf4 101. Kxc5 Rb7 102. Rh8 f5 103. Rg8 fxe4 104. dxe4 Rd7 105. Bd5 Ke5 106. Kb5 Kd6 107. Rg6+ Kc7 108. Rc6+ Kb8 109. Rxc3 1-0

[Event "Hillerod Politiken"]
[Site "Hillerod"]
[Date "1995.??.??"]
[Round "3"]
[White "Karlsson, Lars"]
[Black "Gausel, Einar"]
[Result "1/2-1/2"]
[WhiteElo "2515"]
[BlackElo "2490"]
[PlyCount "23"]
[EventDate "1995.??.??"]
[Source "ChessBase"]

1. b3 e5 2. Bb2 Nc6 3. e3 Nf6 4. Nf3 e4 5. Nd4 d5 6. Bb5 Bd7 7. Nxc6 bxc6 8. Be2 Bd6 9. d3 O-O 10. Nd2 Re8 11. dxe4 Nxe4 12. Nxe4 1/2-1/2

[Event "BL 06/07"]
[Site "Germania"]
[Date "2006.11.19"]
[Round "?"]
[White "Tischbierek, R."]
[Black "Prusikin, M."]
[Result "1-0"]
[WhiteElo "2445"]
[BlackElo "2560"]
[PlyCount "67"]
[EventDate "2006.10.28"]
[Source "www.chesslib.no"]
[SourceDate "2004.05.04"]

1. b3 e5 2. Bb2 Nc6 3. e3 Nf6 4. c4 g6 5. Nf3 d6 6. d4 Bg7 7. dxe5 Nd7 8. Nd4 Ncxe5 9. Nc3 O-O 10. Be2 Nc5 11. O-O Re8 12. b4 Ncd7 13. Rc1 h5 14. h3 Nf8 15. Qd2 Ne6 16. Nxe6 Bxe6 17. Nd5 c6 18. Nf4 Qe7 19. Nxe6 Qxe6 20. Rfd1 Rad8 21. Bd4 d5 22. cxd5 cxd5 23. Qb2 a6 24. b5 Rc8 25. Bf1 Red8 26. Re1 g5 27. f4 Rxc1 28. Rxc1 gxf4 29. exf4 Nc4 30. Bxc4 Bxd4+ 31. Qxd4 Rc8 32. f5 Qxf5 33. Rf1 Rxc4 34. Qxc4 1-0

[Event "Lvov zt"]
[Site "Lvov"]
[Date "1990.??.??"]
[Round "?"]
[White "Minasian, Artashes"]
[Black "Romanishin, Oleg M"]
[Result "1/2-1/2"]
[WhiteElo "2480"]
[BlackElo "2525"]
[PlyCount "179"]
[EventDate "1990.02.??"]
[Source "ChessBase"]

1. b3 e5 2. Bb2 Nc6 3. e3 Nf6 4. Bb5 d6 5. Ne2 a6 6. Bxc6+ bxc6 7. O-O Be7 8. d3 O-O 9. Nd2 Ng4 10. h3 Nh6 11. d4 exd4 12. Nxd4 Bd7 13. c4 Bf6 14. Qc2 c5 15. Ne2 Bxb2 16. Qxb2 Bc6 17. Nf4 Qg5 18. Nb1 Nf5 19. Nc3 Nh4 20. Ncd5 Bxd5 21. cxd5 a5 22. Rfd1 Rfb8 23. a3 Ng6 24. Ne2 Rb6 25. Qc2 Rab8 26. Rab1 h6 27. Qc4 Ne5 28. Qc3 Nf3+ 29. Kh1 Nh4 30. Nf4 Rb5 31. Qc2 Qf5 32. Qc4 Ng6 33. Nxg6 Qxg6 34. e4 Qh5 35. Re1 Qe5 36. Re3 R5b6 37. g3 Qe8 38. Rbe1 f6 39. Kg2 Qb5 40. Qc2 Qd7 41. a4 Rb4 42. Rc3 Qe8 43. Ree3 Rd4 44. Qe2 Rb6 45. h4 Kh8 46. Qg4 Rbb4 47. Qe6 Qxe6 48. dxe6 Kg8 49. f4 Rxe4 50. f5 h5 51. Rxe4 Rxe4 52. Rc4 Re5 53. Rf4 d5 54. Rf1 d4 55. g4 hxg4 56. Kg3 d3 57. Kxg4 d2 58. Rd1 Rd5 59. Kf4 Kf8 60. Ke4 c6 61. h5 Ke7 62. Kf4 Kf8 63. Kg4 Kg8 64. Kf4 Kh7 65. Kg4 Kh6 66. Kf4 Kh7 67. Kg4 Kg8 68. Kf4 Kf8 69. Ke4 Ke7 70. Kf4 Ke8 71. Kg4 Rd4+ 72. Kf3 Rh4 73. Rxd2 Rxh5 74. Kf4 Rh4+ 75. Ke3 Rh3+ 76. Kf4 Rxb3 77. Rd7 Rb4+ 78. Kf3 c4 79. Ra7 c3 80. Ra8+ Ke7 81. Ra7+ Kd6 82. Rd7+ Kc5 83. e7 c2 84. e8=Q c1=Q 85. Qe7+ Kc4 86. Qe6+ Kc3 87. Qxc6+ Kb2 88. Qxc1+ Kxc1 89. Rxg7 Rxa4 90. Rf7 1/2-1/2

[Event "Benidorm (open)"]
[Site "?"]
[Date "2004.11.20"]
[Round "2.1"]
[White "Gonzalez Rodriguez Jorge Arma"]
[Black "Kasimdzhanov Rustam"]
[Result "0-1"]
[WhiteElo "2354"]
[BlackElo "2650"]
[PlyCount "80"]
[EventDate "2004.??.??"]
[Source "www.chesslib.no"]
[SourceDate "2004.05.04"]

1. b3 e5 2. Bb2 Nc6 3. e3 Nf6 4. Nf3 e4 5. Ne5 Be7 6. d4 O-O 7. Be2 Nb8 8. Nc4 d5 9. Ncd2 c6 10. c4 Re8 11. h3 Na6 12. Nc3 Nc7 13. Qc2 Be6 14. c5 Nd7 15. b4 f5 16. g3 Nf6 17. Nb3 Qd7 18. O-O-O Bf7 19. Kb1 Ne6 20. h4 Bh5 21. Bxh5 Nxh5 22. Qe2 Nf6 23. b5 Rec8 24. Ka1 b6 25. bxc6 Rxc6 26. cxb6 axb6 27. Rc1 Qa7 28. Rc2 Rc4 29. Rb1 b5 30. Bc1 Qc7 31. Bb2 Qc6 32. Rbc1 Qa6 33. Nd2 b4 34. Nxc4 dxc4 35. a3 b3 36. Nb1 bxc2 37. Rxc2 Rc8 38. Nd2 Bxa3 39. Rxc4 Rb8 40. Rc1 Be7+ 0-1

[Event "Campionato Rep. Ceca"]
[Site "Praga CEC"]
[Date "2007.02.09"]
[Round "4"]
[White "Blatny, P."]
[Black "Stocek, J."]
[Result "1/2-1/2"]
[WhiteElo "2437"]
[BlackElo "2566"]
[PlyCount "24"]
[EventDate "2007.02.06"]
[Source "www.chesslib.no"]
[SourceDate "2004.05.04"]

1. b3 e5 2. Bb2 d6 3. g3 Nf6 4. Bg2 g6 5. c4 Bg7 6. Nc3 O-O 7. e3 c6 8. Nge2 Re8 9. d4 Nbd7 10. O-O a6 11. Qc2 Qe7 12. Rad1 e4 1/2-1/2

[Event "Jesolo (VE)"]
[Site "?"]
[Date "1999.12.28"]
[Round "4"]
[White "Rotstein Arkadij"]
[Black "Godena Michele"]
[Result "1/2-1/2"]
[WhiteElo "2460"]
[BlackElo "2542"]
[PlyCount "62"]
[EventDate "1999.??.??"]
[Source "www.chesslib.no"]
[SourceDate "2004.05.04"]

1. b3 e5 2. Bb2 d6 3. g3 Nc6 4. Bg2 g6 5. e3 Bg7 6. Ne2 Nf6 7. c4 Nb4 8. d3 c6 9. O-O O-O 10. Nbc3 d5 11. Ba3 a5 12. e4 dxe4 13. dxe4 Qc7 14. h3 Rd8 15. Qb1 Bh6 16. Rd1 Be6 17. Qb2 Rxd1+ 18. Rxd1 Rd8 19. Qb1 Rxd1+ 20. Qxd1 Qd7 21. Qxd7 Nxd7 22. Bb2 Nc5 23. Nc1 Bf8 24. Bf1 Bh6 25. Kg2 f6 26. Be2 Bd2 27. Bg4 Bxg4 28. hxg4 Bxc3 29. Bxc3 Nxe4 30. Bxb4 axb4 31. Nd3 Kf7 1/2-1/2

[Event "Maribor"]
[Site "Maribor"]
[Date "1980.11.??"]
[Round "10"]
[White "Nikolac, Juraj"]
[Black "Ree, Hans"]
[Result "1/2-1/2"]
[WhiteElo "2480"]
[BlackElo "2520"]
[PlyCount "79"]
[EventDate "1980.??.??"]
[Source "www.chesslib.no"]
[SourceDate "2004.05.04"]

1. b3 e5 2. Bb2 d6 3. e3 Nf6 4. c4 g6 5. Nf3 Bg7 6. d4 exd4 7. Nxd4 O-O 8. Be2 d5 9. O-O c5 10. Nf3 Nc6 11. Na3 Be6 12. Rc1 b6 13. Ng5 Bf5 14. cxd5 Nxd5 15. Bxg7 Kxg7 16. Nb5 a6 17. Bf3 Ncb4 18. a3 Qxg5 19. axb4 Rad8 20. h4 Qxh4 21. Bxd5 axb5 22. bxc5 Qf6 23. Qf3 bxc5 24. Rxc5 Rc8 25. b4 Rxc5 26. bxc5 Qc3 27. e4 Qxf3 28. gxf3 Be6 29. Rb1 Rb8 30. f4 b4 31. c6 b3 32. Kf1 Rb5 33. Bxe6 fxe6 34. Ke2 Kf6 35. Kd3 Rb6 36. Kd4 Rxc6 37. Rxb3 Rd6+ 38. Ke3 Rd7 39. Rb8 Ra7 40. Rh8 1/2-1/2

[Event "Las Palmas-B"]
[Site "Las Palmas"]
[Date "1994.??.??"]
[Round "1"]
[White "Garcia Padron, Jose"]
[Black "Kurajica, Bojan"]
[Result "1/2-1/2"]
[WhiteElo "2435"]
[BlackElo "2565"]
[PlyCount "119"]
[EventDate "1994.05.??"]
[Source "ChessBase"]

1. b3 e5 2. Bb2 d6 3. e3 Nf6 4. d4 Nbd7 5. Nf3 Qe7 6. Be2 e4 7. Nfd2 g6 8. c4 Bg7 9. Nc3 O-O 10. Qc2 Re8 11. g4 c5 12. g5 cxd4 13. gxf6 Nxf6 14. exd4 e3 15. fxe3 Bf5 16. e4 Nxe4 17. Ncxe4 Qh4+ 18. Kd1 Rxe4 19. Qc3 Bxd4 20. Nxe4 Bxc3 21. Nxc3 Qd4+ 22. Kc1 Qe3+ 23. Kd1 Re8 24. Re1 Bd3 25. Bc1 Bxe2+ 26. Nxe2 Qe5 27. Rb1 d5 28. Bd2 Rd8 29. cxd5 Qxd5 30. Rb2 Qf3 31. Rc2 f5 32. Kc1 Re8 33. Bc3 Qd5 34. Kb2 Qf7 35. Rd1 g5 36. Rg1 h6 37. h4 g4 38. Nf4 Re4 39. Nd3 Qe7 40. Rf1 Re2 41. Rxf5 Rxc2+ 42. Kxc2 Qe2+ 43. Bd2 Qe4 44. Rf4 Qc6+ 45. Rc4 Qg2 46. h5 g3 47. Ne5 Qe2 48. Rg4+ Kh7 49. Nd7 Qe7 50. Rxg3 Qxd7 51. Rg6 Qf5+ 52. Kb2 Qxh5 53. Rxh6+ Qxh6 54. Bxh6 Kxh6 55. Kc3 Kg6 56. Kd4 Kf6 57. Kd5 Ke7 58. b4 Kd7 59. a4 a6 60. b5 1/2-1/2

[Event "Czech Open, Pardubice CZE"]
[Site "?"]
[Date "2001.??.??"]
[Round "7"]
[White "Odesskij, I."]
[Black "Stefansson, H."]
[Result "1/2-1/2"]
[WhiteElo "2415"]
[BlackElo "2585"]
[PlyCount "31"]
[EventDate "2001.??.??"]
[Source "www.chesslib.no"]
[SourceDate "2004.05.04"]

1. b3 e5 2. Bb2 Nc6 3. e3 d6 4. c4 g6 5. d4 Bg7 6. dxe5 Nxe5 7. Nc3 Ne7 8. Be2 Nf5 9. Qd2 O-O 10. O-O-O a6 11. Nf3 Nxf3 12. Bxf3 Rb8 13. Nd5 b5 14. Bxg7 Kxg7 15. c5 Be6 16. Qc3+ 1/2-1/2

[Event "Paris"]
[Site "?"]
[Date "1991.??.??"]
[Round "?"]
[White "Spraggett, K."]
[Black "Barlov, D."]
[Result "1-0"]
[WhiteElo "2495"]
[BlackElo "2505"]
[PlyCount "65"]
[EventDate "1991.??.??"]
[Source "ChessBase"]
[SourceDate "1992.02.01"]

1. b3 e5 2. Bb2 d6 3. g3 Nf6 4. Bg2 g6 5. c4 Bg7 6. Nf3 O-O 7. d3 Re8 8. O-O Nc6 9. Nc3 e4 10. Nxe4 Nxe4 11. Bxg7 Nxf2 12. Rxf2 Kxg7 13. Qd2 Ne5 14. Nxe5 dxe5 15. Raf1 Rf8 16. Rf6 Qxf6 17. Rxf6 Kxf6 18. Qh6 Re8 19. Qxh7 c6 20. g4 Be6 21. g5+ Kxg5 22. Qg7 Rg8 23. h4+ Kf4 24. Qf6+ Ke3 25. Qxe5+ Kd2 26. Kf2 Kc2 27. Be4 Bf5 28. Bf3 a5 29. e4 Be6 30. d4 Rge8 31. Qh2 Kb2 32. Ke3+ Ka3 33. Kd3 1-0

[Event "It (Men) Gausdal NOR"]
[Site "?"]
[Date "2006.04.01"]
[Round "9"]
[White "Karlsson Lars"]
[Black "Reinderman Dimitri"]
[Result "0-1"]
[WhiteElo "2506"]
[BlackElo "2493"]
[PlyCount "67"]
[EventDate "2006.??.??"]
[Source "www.chesslib.no"]
[SourceDate "2004.05.04"]

1. b3 e5 2. Bb2 Nc6 3. c4 Nf6 4. e3 d5 5. cxd5 Nxd5 6. a3 Bd6 7. Qc2 O-O 8. Nf3 Qe7 9. d3 f5 10. Nbd2 Bd7 11. g3 Bc5 12. e4 Nf6 13. Bg2 Ng4 14. O-O f4 15. b4 Bb6 16. b5 Na5 17. a4 fxg3 18. hxg3 Qe8 19. Ba3 Rf6 20. Bc5 Qh5 21. Rab1 Bxc5 22. Qxc5 Raf8 23. Nh4 b6 24. Qxc7 R6f7 25. Qd6 Nb7 26. Qd5 Nc5 27. Bf3 Be6 28. Bxg4 Qxg4 29. Qxe5 Nxd3 30. Qd4 Nf4 31. Rbe1 g5 32. Ng2 Nh3+ 33. Kh2 Qh5 34. Nh4 0-1

[Event "8th Open"]
[Site "Voronezh"]
[Date "2004.06.15"]
[Round "4"]
[White "Chernyshov, Konstantin"]
[Black "Chebotarev, Oleg"]
[Result "0-1"]
[WhiteElo "2556"]
[BlackElo "2442"]
[PlyCount "83"]
[EventDate "2004.06.12"]
[Source "Roberto Alvarez"]
[SourceDate "2004.07.05"]

1. b3 e5 2. Bb2 d6 3. e4 Nf6 4. Nc3 Nc6 5. Bb5 Bd7 6. Nf3 g6 7. Qe2 Bg7 8. Bxc6 Bxc6 9. d4 Nh5 10. dxe5 Nf4 11. Qf1 dxe5 12. Rd1 Qe7 13. g3 Ne6 14. Nd5 Bxd5 15. exd5 Nd4 16. Bxd4 exd4+ 17. Qe2 Qxe2+ 18. Kxe2 O-O-O 19. Nxd4 Rxd5 20. c3 Rhd8 21. Rd2 c5 22. Nf3 Bxc3 23. Rc2 Re8+ 24. Kf1 Bf6 25. Kg2 Kd7 26. Rhc1 b6 27. g4 Kc6 28. h3 b5 29. Kg3 Re4 30. Nd2 Re2 31. Nf3 Rxc2 32. Rxc2 Rd3 33. Kf4 Kd5 34. g5 Be7 35. h4 Bd6+ 36. Kg4 f5+ 37. gxf6 h5+ 38. Kg5 Rxf3 39. Kxg6 Ke6 40. Re2+ Be5 41. f7 Rxf7 42. Kxh5 0-1

[Event "Open Aeroflot"]
[Site "Mosca RUS"]
[Date "2007.02.21"]
[Round "8"]
[White "Vijayalakshmi, S."]
[Black "Negi, P."]
[Result "0-1"]
[WhiteElo "2459"]
[BlackElo "2538"]
[PlyCount "48"]
[EventDate "2007.02.14"]
[Source "www.chesslib.no"]
[SourceDate "2004.05.04"]

1. b3 e5 2. Bb2 Nc6 3. e3 Nf6 4. c4 d5 5. cxd5 Nxd5 6. a3 Bd6 7. Ne2 O-O 8. d4 Re8 9. e4 Nf6 10. d5 Nxe4 11. f3 Qh4+ 12. g3 Nxg3 13. Nxg3 e4 14. f4 Bxf4 15. Qe2 Ne5 16. Qg2 Nd3+ 17. Kd1 Bg4+ 18. Be2 Bh3 19. Qg1 Nxb2+ 20. Kc2 Nd3 21. Nc3 Be5 22. Ngxe4 Bxc3 23. Kxc3 Nf4 24. Bf3 Rxe4 0-1